[Event "Bois Gentil op"]
[Site "Geneve"]
[Date "2017.02.10"]
[Round "5"]
[White "Wehrli, Tobias"]
[Black "Burri, Rene"]
[Result "1-0"]
[WhiteElo "1771"]
[BlackElo "1775"]
[PlyCount "43"]
[EventDate "2017.01.13"]
[EventType "swiss"]
[EventRounds "7"]
[EventCountry "SUI"]
[SourceTitle "EXT 2018"]
[Source "ChessBase"]
[SourceDate "2017.10.13"]
[SourceVersion "1"]
[SourceVersionDate "2017.10.13"]
[SourceQuality "1"]

1. e4 e5 2. Nf3 Nc6 3. Bc4 Bc5 4. b4 Bxb4 5. c3 Be7 6. d4 Na5 7. Nxe5 Nxc4 8. Nxc4 d5 9. exd5 Qxd5 10. Qe2 Be6 11. Ne3 Qd7 12. 0-0 Nf6 13. Bb2 b5 14. Nd2 Rb8 15. Nf3 Ng4 16. Rfe1 c6 17. Qc2 a5 18. Nxg4 Bxg4 19. Ne5 Qc8 20. Qe4 Bd7 21. Nxc6 0-0 22. Nxe7+ 1-0

[Event "Adelboden Seniors op 4th"]
[Site "Adelboden"]
[Date "2006.06.22"]
[Round "4"]
[White "Iberg, Gottlieb"]
[Black "Burri, Rene"]
[Result "1-0"]
[WhiteElo "1792"]
[BlackElo "1774"]
[PlyCount "69"]
[EventDate "2006.06.19"]
[EventType "swiss"]
[EventRounds "9"]
[EventCountry "SUI"]
[SourceTitle "EXT 2007"]
[Source "ChessBase"]
[SourceDate "2006.11.23"]
[SourceVersion "1"]
[SourceVersionDate "2006.11.23"]
[SourceQuality "1"]

1. e4 e5 2. Nf3 Nf6 3. Nc3 Bb4 4. Bc4 Bxc3 5. dxc3 d6 6. Qe2 h6 7. h3 Nbd7 8. Bd3 Nc5 9. b4 Na4 10. Bd2 Be6 11. 0-0 0-0 12. Nh4 Nb2 13. Nf5 Bxf5 14. exf5 Nxd3 15. cxd3 Kh7 16. g4 Ng8 17. Kh2 Qh4 18. Rg1 g6 19. g5 gxf5 20. gxh6 Nf6 21. Rg7+ Kh8 22. Bg5 Ng4+ 23. Qxg4 Qxf2+ 24. Qg2 Qxg2+ 25. Kxg2 f6 26. Bh4 Rg8 27. Bxf6 Raf8 28. Rxg8+ Kxg8 29. Bg5 Kh7 30. Kf3 d5 31. Rg1 f4 32. Re1 Rf5 33. Bd8 Rh5 34. h4 Kxh6 35. Bg5+ 1-0

[Event "Ascona Seniors op 4th"]
[Site "Ascona"]
[Date "2005.11.08"]
[Round "8"]
[White "Hess, Karl"]
[Black "Burri, Rene"]
[Result "1/2-1/2"]
[WhiteElo "1668"]
[BlackElo "1792"]
[PlyCount "82"]
[EventDate "2005.10.31"]
[EventType "swiss"]
[EventRounds "9"]
[EventCountry "SUI"]
[SourceTitle "EXT 2007"]
[Source "ChessBase"]
[SourceDate "2006.11.23"]
[SourceVersion "1"]
[SourceVersionDate "2006.11.23"]
[SourceQuality "1"]

1. Nf3 Nf6 2. d4 e6 3. g3 c5 4. Bg2 Nc6 5. c3 b6 6. e3 Qc7 7. 0-0 Bb7 8. Re1 Ne7 9. Ne5 Bxg2 10. Kxg2 Nc6 11. Nxc6 Qxc6+ 12. Qf3 Qxf3+ 13. Kxf3 d5 14. Nd2 cxd4 15. exd4 Rc8 16. h3 h6 17. Nb3 g5 18. g4 Be7 19. Be3 Ne4 20. Nd2 Nd6 21. Ke2 Kd7 22. Rac1 f5 23. gxf5 exf5 24. f4 Rhg8 25. Rg1 Rce8 26. Kf3 Bf6 27. Bf2 gxf4 28. Rxg8 Rxg8 29. Rg1 Rxg1 30. Bxg1 Nf7 31. Bf2 Nh8 32. Nb3 Ng6 33. Nc1 Ke6 34. Nd3 a5 35. b3 Bd8 36. Be1 Bc7 37. a4 Kd7 38. c4 dxc4 39. bxc4 Kc6 40. Bd2 Nh4+ 41. Kf2 Ng6 1/2-1/2

[Event "Arosa Seniors op"]
[Site "Arosa"]
[Date "1996.07.13"]
[Round "3.12"]
[White "Sigrist, Walter"]
[Black "Burri, Rene"]
[Result "1-0"]
[WhiteElo "1775"]
[BlackElo "1795"]
[PlyCount "57"]
[EventDate "1996.07.11"]
[EventType "swiss"]
[EventRounds "9"]
[EventCountry "SUI"]
[SourceTitle "EXT 2013"]
[Source "ChessBase"]
[SourceDate "2012.11.22"]
[SourceVersion "1"]
[SourceVersionDate "2012.11.22"]
[SourceQuality "1"]

1. e4 c6 2. d4 d5 3. exd5 cxd5 4. c4 Nf6 5. c5 g6 6. Nc3 Bg7 7. Bb5+ Bd7 8. Bxd7+ Qxd7 9. f3 Nc6 10. a3 a5 11. Nge2 0-0 12. Bg5 h6 13. Bh4 g5 14. Bg3 Nh5 15. Rb1 Nxg3 16. hxg3 Qe6 17. Kf2 f5 18. Qd3 a4 19. Nb5 Qd7 20. f4 g4 21. Nec3 Na7 22. Rbd1 Nxb5 23. Qxb5 Qc6 24. Rhe1 Rfe8 25. Qxc6 bxc6 26. Re6 Ra6 27. Nb5 Kf7 28. Nc7 Rb8 29. Nxa6 1-0